Chansons de Stromae - Album Racine Carrée - Statistiques

Statistiques générales
  • Ce quiz a été pris 27 fois
  • Le résultat moyen est 8 sur 13
Statistiques - réponses
Ordre dans l'album Chansons % Correct
02 Papaoutai
96%
05 Tous les mêmes
88%
06 Formidable
77%
03 Bâtard
73%
08 Carmen
69%
01 Ta fête
69%
13 AVF
62%
10 Quand c'est ?
62%
07 Moules frites
58%
04 Ave Cesaria
54%
09 Humain à l'eau
50%
12 Merci
42%
11 Sommeil
42%
Aucun quiz correspondant
Distribution des résultats
% des personnes avec chaque résultat
Percentile par nombre de réponses
Votre historique - résultats
Vous n’avez pas pris ce quiz